[Event "8th Sunway Sitges 2021"]
[Site "Sitges ESP"]
[Date "2021.12.19"]
[Round "6.8"]
[White "Vocaturo, Daniele"]
[Black "Vasquez Schroeder, Rodrigo"]
[Result "1/2-1/2"]
[WhiteTitle "GM"]
[BlackTitle "GM"]
[WhiteElo "2621"]
[BlackElo "2484"]
[WhiteFideId "813192"]
[BlackFideId "3400042"]
[EventDate "2021.12.13"]

1. e4 c6 2. d4 d5 3. e5 Bf5 4. Nf3 e6 5. Be2 Ne7 6. O-O Ng6 7. Be3 Nd7 8. Ne1 h5
9. c3 Qb6 10. Qd2 c5 11. a4 a6 12. a5 Qc7 13. b4 c4 14. Qd1 f6 15. f4 h4 16. Nd2
Nb8 17. Bg4 Ne7 18. h3 Nbc6 19. Ndf3 Na7 20. Bf2 Nb5 21. Qd2 Ng6 22. Bxf5 exf5
23. Nc2 O-O-O 24. Na3 Nxa3 25. Rxa3 Qd7 26. Raa1 Re8 27. Rae1 Re6 28. Be3 Be7
29. Qc2 Rh5 30. Re2 Bd8 31. Rfe1 Re8 32. Bc1 Nf8 33. Re3 Ng6 34. R3e2 Nf8 35.
Be3 Ne6 36. exf6 gxf6 37. Bf2 Nc7 38. Rxe8 Nxe8 39. Qe2 Nd6 40. Nxh4 Rh8 41. Ng6
Rg8 42. Ne7+ Bxe7 43. Qxe7 Ne4 44. Qxd7+ Kxd7 45. Re3 Kc6 46. Be1 Kb5 47. h4 Ka4
48. Rh3 Rh8 49. h5 Rh6 50. Kf1 Kb3 51. Rh2 Ka3 1/2-1/2

[Event "8th Sunway Sitges 2021"]
[Site "Sitges ESP"]
[Date "2021.12.19"]
[Round "6.9"]
[White "Dionisi, Thomas"]
[Black "Fier, Alexandr"]
[Result "1/2-1/2"]
[WhiteTitle "IM"]
[BlackTitle "GM"]
[WhiteElo "2396"]
[BlackElo "2572"]
[WhiteFideId "651893"]
[BlackFideId "2107139"]
[EventDate "2021.12.13"]

1. e4 c5 2. Nf3 d6 3. d4 cxd4 4. Nxd4 Nf6 5. Nc3 a6 6. Be2 e6 7. a4 Nc6 8. O-O
Be7 9. Be3 O-O 10. f4 Bd7 11. Nb3 b6 12. Kh1 Bc8 13. Bf3 Bb7 14. g4 g5 15. e5
Nxg4 16. Bxg4 gxf4 17. Bxf4 dxe5 18. Be3 Nd4+ 19. Kg1 f5 20. Nxd4 exd4 21. Bxd4
e5 22. Bxf5 Qxd4+ 23. Qxd4 exd4 24. Be4 dxc3 25. Bxb7 Bc5+ 26. Kh1 cxb2 27. Bxa8
bxa1=B 28. Bd5+ Kg7 29. Rxf8 Bxf8 30. Bc4 b5 31. Bxb5 axb5 32. axb5 Bd4 33. b6
Bxb6 34. c4 Bbc5 35. h4 Kf6 36. h5 Ke5 37. h6 Bxh6 38. Kg2 Bhe3 39. Kh1 Kf4 40.
Kg2 Bg1 41. Kh1 Kg3 1/2-1/2

[Event "8th Sunway Sitges 2021"]
[Site "Sitges ESP"]
[Date "2021.12.19"]
[Round "6.10"]
[White "Kadric, Denis"]
[Black "Papadiamandis, Elliot"]
[Result "1/2-1/2"]
[WhiteTitle "GM"]
[BlackTitle "FM"]
[WhiteElo "2572"]
[BlackElo "2396"]
[WhiteFideId "14403803"]
[BlackFideId "36074160"]
[EventDate "2021.12.13"]

1. e4 c5 2. Nc3 d6 3. d4 cxd4 4. Qxd4 Nc6 5. Qd2 g6 6. b3 Bh6 7. f4 e5 8. Nb5
Bxf4 9. Qxd6 Qxd6 10. Nxd6+ Kf8 11. Ba3 Nge7 12. Nf3 Kg7 13. Bc4 f6 14. Rd1 Rd8
15. O-O Rb8 16. Nxc8 Be3+ 17. Kh1 Rbxc8 18. Bd6 Bd4 19. Nxd4 exd4 20. Bg3 Na5
21. Bd3 Nac6 22. Bc4 Na5 23. Bh4 g5 24. e5 Ng6 25. exf6+ Kf8 26. Be6 Rc6 27. Be1
Rxe6 28. Bxa5 b6 29. Bc3 Kf7 30. Bxd4 Re2 31. c3 Rxa2 32. Rde1 Rd7 33. Re3 Nf4
34. Rfe1 Nxg2 35. Re7+ Rxe7 36. Rxe7+ Kf8 37. Rg7 Nh4 38. Rxg5 Nf3 39. Rh5 Nxd4
40. cxd4 Kf7 41. Rh6 Rd2 42. Rxh7+ Kxf6 43. Rxa7 Rxd4 44. Ra4 Rd1+ 45. Kg2 Rd2+
46. Kg1 Rd1+ 47. Kf2 Rd2+ 48. Ke3 Rxh2 49. Rb4 Ke5 50. Rb5+ Kd6 51. Rxb6+ Kc5
52. Rf6 Rh3+ 53. Rf3 Rxf3+ 54. Kxf3 Kb4 55. Ke4 Kxb3 1/2-1/2

[Event "8th Sunway Sitges 2021"]
[Site "Sitges ESP"]
[Date "2021.12.19"]
[Round "6.11"]
[White "Setyaki, Azarya Jodi"]
[Black "Livaic, Leon"]
[Result "1/2-1/2"]
[WhiteTitle "IM"]
[BlackTitle "IM"]
[WhiteElo "2389"]
[BlackElo "2547"]
[WhiteFideId "7101589"]
[BlackFideId "14531534"]
[EventDate "2021.12.13"]

1. e4 c5 2. Nf3 d6 3. d4 cxd4 4. Nxd4 Nf6 5. Nc3 a6 6. f3 Qb6 7. g4 Nc6 8. Nb3
e6 9. Qe2 Qc7 10. Be3 b5 11. O-O-O Rb8 12. Kb1 Be7 13. g5 Nd7 14. h4 Nb6 15. Qf2
Na4 16. Ne2 Ne5 17. f4 Nc4 18. Bc1 Bb7 19. Bg2 O-O 20. f5 Rfc8 21. Nf4 e5 22.
Nd5 Bxd5 23. exd5 f6 24. Rh3 a5 25. Be4 b4 26. h5 Na3+ 27. bxa3 Nc3+ 28. Rxc3
bxc3 29. a4 Rb4 30. Qg2 fxg5 31. f6 Bxf6 32. Qg4 h6 33. Qe6+ Kh8 34. Qf5 Rxe4
35. Qxe4 Qc4 36. Re1 Qxe4 37. Rxe4 g6 38. hxg6 h5 39. Nxa5 Kg7 40. Nc4 Rb8+ 41.
Ka1 h4 42. Nxd6 Rd8 43. Bxg5 Bxg5 44. Nf5+ Kxg6 45. Nxh4+ Kf6 46. a3 Rxd5 47.
Ka2 Bf4 48. Kb3 Kg5 49. Nf3+ Kf5 50. Rb4 Kg4 51. Ne1 Rd1 52. Nd3 Kf3 53. Nxf4
exf4 54. Kxc3 Ke3 55. Rb8 f3 56. Re8+ Kf4 57. Rf8+ Ke3 58. Re8+ 1/2-1/2

[Event "8th Sunway Sitges 2021"]
[Site "Sitges ESP"]
[Date "2021.12.19"]
[Round "6.12"]
[White "Ervan, Mohamad"]
[Black "Suleymanli, Aydin"]
[Result "1/2-1/2"]
[WhiteTitle "IM"]
[BlackTitle "GM"]
[WhiteElo "2356"]
[BlackElo "2537"]
[WhiteFideId "7102135"]
[BlackFideId "13413937"]
[EventDate "2021.12.13"]

1. e4 c6 2. Nc3 d5 3. Nf3 Bg4 4. h3 Bxf3 5. Qxf3 e6 6. d4 Nf6 7. Bg5 Be7 8.
O-O-O dxe4 9. Nxe4 Nxe4 10. Bxe7 Qxe7 11. Qxe4 Nd7 12. Kb1 O-O-O 13. Be2 Nf6 14.
Qe5 Qc7 15. Qxc7+ Kxc7 16. Bf3 h5 17. h4 Ne8 18. c3 Rh6 19. Rde1 Nd6 20. Re5
Rdh8 21. Be2 Rf6 22. Rf1 Kd7 23. g3 Rf5 24. Rxf5 exf5 25. Bd3 Rh6 26. Kc2 f4 27.
Rg1 fxg3 28. fxg3 Rf6 29. Rg2 g6 30. Kd2 Nf5 31. Rf2 Ke6 32. Re2+ Kd7 33. Rf2
Ke6 34. Re2+ Kd7 35. Rf2 Ke6 1/2-1/2

[Event "8th Sunway Sitges 2021"]
[Site "Sitges ESP"]
[Date "2021.12.19"]
[Round "6.13"]
[White "Gomes, Mary Ann"]
[Black "Tabatabaei, M. Amin"]
[Result "1/2-1/2"]
[WhiteTitle "WGM"]
[BlackTitle "GM"]
[WhiteElo "2354"]
[BlackElo "2643"]
[WhiteFideId "5013623"]
[BlackFideId "12521213"]
[EventDate "2021.12.13"]

1. Nf3 d5 2. g3 Nf6 3. Bg2 e6 4. O-O Be7 5. b3 c5 6. c4 d4 7. e3 Nc6 8. exd4
cxd4 9. d3 O-O 10. Re1 Bb4 11. Bd2 Bd6 12. Qc1 Nd7 13. Na3 e5 14. Nb5 Be7 15. b4
a6 16. Na3 Bxb4 17. Bxb4 Nxb4 18. Qd2 Nc6 19. c5 Qe7 20. Rac1 Nxc5 21. Nc2 Qd6
22. Nb4 Nd7 23. Nxc6 bxc6 24. Nh4 Bb7 25. Qg5 Qf6 26. Qxf6 Nxf6 27. Rxe5 g6 28.
Nf3 Rad8 29. Rc4 Rfe8 30. Kf1 Bc8 31. Rxe8+ Rxe8 32. Nxd4 Ng4 33. Bxc6 Rd8 34.
Be4 Nxh2+ 35. Kg2 Ng4 36. Nc6 Re8 37. Ne7+ Rxe7 38. Rxc8+ Kg7 39. Ra8 Rc7 40. d4
Rc4 41. Rxa6 Rxd4 42. Bf3 Ne5 43. Be2 Rd2 44. Kf1 h5 45. a4 Ra2 46. a5 Ra4 47.
Ra8 Nc6 48. a6 Nd4 49. Bd3 g5 50. Rd8 Nc6 51. Rd6 Ne5 52. Be2 h4 53. gxh4 gxh4
54. Bd1 Ra3 55. Kg2 Ng6 56. Rd4 Rxa6 57. Bc2 Ne5 58. Rxh4 Ra2 59. Re4 Kf6 60.
Rf4+ Ke7 61. Bb3 Rb2 62. Bd5 f6 63. Rd4 f5 64. Kg3 Rc2 65. Rf4 Rc3+ 66. f3 Rc5
67. Ba2 Ng6 68. Rd4 Kf6 69. Rd5 Rc1 70. Rd4 Rg1+ 71. Kf2 Ra1 72. Bb3 Rb1 73. Bc2
Rb2 74. Rc4 Ne5 75. Rc8 f4 76. Kg2 Ra2 77. Kh3 Nxf3 78. Kg4 Nd4 79. Bd1 Ne6 80.
Rc6 Rg2+ 81. Kf3 Rg3+ 82. Kf2 Ke5 83. Rc4 Ra3 84. Rc2 Nd4 85. Rc5+ Kd6 86. Rh5
Ra2+ 87. Ke1 Ke6 88. Bg4+ Kf6 89. Rc5 Rg2 90. Bd1 Ke6 91. Kf1 Rb2 92. Bg4+ Kd6
93. Rh5 Ra2 94. Kg1 Rd2 95. Kf1 Nc2 96. Be2 Ke6 97. Bg4+ Ke7 98. Be2 Kf6 99. Ra5
Ne3+ 100. Kf2 Nf5 101. Kf3 Nd4+ 102. Kxf4 Rxe2 103. Ra6+ Ne6+ 104. Kf3 Re5 105.
Ra3 Kf5 106. Re3 Nd4+ 107. Kf2 Ra5 108. Re8 Ra2+ 109. Ke1 Kf4 110. Kd1 Kf3 111.
Re7 Nf5 112. Re8 Ne3+ 113. Kc1 Ke2 114. Rd8 Nc4 115. Rd4 Nd2 116. Rd7 Ke3 117.
Rd8 Ne4 118. Kb1 Rh2 119. Re8 Kd4 120. Rd8+ Ke3 121. Re8 Re2 122. Kc1 Kd3 123.
Rd8+ Kc4 124. Rc8+ Nc5 125. Kd1 Ra2 126. Ke1 Kd4 127. Rd8+ Ke3 128. Re8+ Ne4
129. Kd1 Ra6 130. Kc2 Rc6+ 131. Kb3 Kd4 132. Rd8+ Nd6 133. Rh8 Rc3+ 134. Kb4 Rc7
135. Rh4+ Ne4 136. Kb5 Rc1 137. Kb6 Rg1 138. Kc6 Rg6+ 139. Kb5 Rf6 140. Ka5 Rg6
141. Kb5 Re6 142. Kb4 Rb6+ 143. Ka5 Rb1 144. Ka6 Kd5 145. Rh5+ Kc6 146. Rh6+ Nd6
147. Ka5 Rb8 148. Ka4 Kc5 149. Rh5+ Kd4 150. Rh4+ Ne4 151. Ka5 Ke5 1/2-1/2

[Event "8th Sunway Sitges 2021"]
[Site "Sitges ESP"]
[Date "2021.12.19"]
[Round "6.14"]
[White "Stoyanov, Tsvetan"]
[Black "Nihal, Sarin"]
[Result "0-1"]
[WhiteTitle "FM"]
[BlackTitle "GM"]
[WhiteElo "2424"]
[BlackElo "2662"]
[WhiteFideId "2917173"]
[BlackFideId "25092340"]
[EventDate "2021.12.13"]

1. c4 Nf6 2. Nc3 e5 3. Nf3 Nc6 4. e4 Bb4 5. d3 d6 6. a3 Bxc3+ 7. bxc3 O-O 8. g3
Nd7 9. Bg2 a6 10. a4 b6 11. O-O Bb7 12. Nh4 a5 13. Be3 Ne7 14. f4 exf4 15. Bxf4
Ne5 16. Bh3 Qe8 17. Ra2 Bc6 18. Ng2 Nd7 19. Be3 Ng6 20. Bd4 Nc5 21. Bxc5 dxc5
22. Ne3 Qe5 23. Qe1 Rae8 24. Qd2 Qd6 25. Bg2 Rd8 26. Rd1 Rfe8 27. Nd5 Ne5 28.
Qf4 Qd7 29. d4 cxd4 30. cxd4 Nxc4 31. Qxc7 Bxa4 32. Qxd7 Bxd7 33. Bf1 Bg4 34.
Rc1 Nd6 35. Nxb6 Rxe4 36. Rxa5 Rxd4 37. Rd5 Rxd5 38. Nxd5 Kf8 39. Ne3 Be6 40.
Bg2 g6 41. Rd1 Ke7 42. Re1 Rb8 43. Bd5 Bxd5 44. Nxd5+ Kf8 45. Re2 h5 46. Kg2 Nf5
47. Nf6 Rb3 48. Nd7+ Kg7 49. Nc5 Ra3 50. Ne4 h4 51. Kh3 hxg3 52. hxg3 Ne3 53.
Kh2 f5 54. Nd2 Kh6 55. Kg1 Kh5 56. Kf2 Nd1+ 57. Kg2 Ra2 58. Kf3 Nc3 59. Rh2+ Kg5
60. Nf1 Ra3 61. Rc2 Ne4+ 62. Kg2 Kh5 63. Rb2 Nc5 64. Re2 Nd3 65. Rd2 Kg5 66. Nh2
Kf6 67. Nf3 g5 68. Rc2 Kg6 69. Rd2 Kh5 70. Nd4 f4 71. gxf4 Nxf4+ 72. Kh2 Re3 73.
Nf5 Re5 74. Ng3+ Kg4 75. Nh1 Re1 76. Ra2 Re3 77. Rd2 Kh4 78. Kg1 g4 79. Rd4 Re1+
80. Kh2 Re2+ 81. Kg1 Nh3+ 82. Kf1 Rh2 0-1

[Event "8th Sunway Sitges 2021"]
[Site "Sitges ESP"]
[Date "2021.12.19"]
[Round "6.15"]
[White "Cuhendi, Sean Winshand"]
[Black "Karthikeyan, Murali"]
[Result "1/2-1/2"]
[WhiteTitle "IM"]
[BlackTitle "GM"]
[WhiteElo "2419"]
[BlackElo "2630"]
[WhiteFideId "7101554"]
[BlackFideId "5074452"]
[EventDate "2021.12.13"]

1. d4 Nf6 2. Bf4 g6 3. Nc3 d5 4. e3 Bg7 5. h4 h5 6. Nf3 O-O 7. Ne5 c5 8. Qd2 Bf5
9. f3 Nc6 10. Bb5 cxd4 11. exd4 Nxe5 12. dxe5 Nd7 13. Qxd5 Nb6 14. Qxd8 Rfxd8
15. O-O Rd4 16. Bg5 Kf8 17. Rfe1 Rb4 18. a4 Rxb2 19. a5 Nd7 20. Bxd7 Bxd7 21.
Nd5 Re8 22. c4 Bc6 23. Rad1 Ra2 24. e6 Rxa5 25. exf7 Kxf7 26. Nc7 Re5 27. Nxe8
Kxe8 28. Kf2 a5 29. Rxe5 Bxe5 30. Be3 a4 31. Bd4 Bd6 32. c5 Bc7 33. Bc3 Kf7 34.
Re1 e6 35. g4 Bd8 36. Kg3 Be7 37. Bd4 Bd5 38. Re3 Bb3 39. g5 Ke8 40. Rd3 Bc4 41.
Rc3 Bd5 42. Kf4 Bd8 43. Re3 Bc7+ 44. Be5 Ba5 45. Bc3 Bc7+ 1/2-1/2

[Event "8th Sunway Sitges 2021"]
[Site "Sitges ESP"]
[Date "2021.12.19"]
[Round "6.16"]
[White "Arjun, Kalyan"]
[Black "Gines Esteo, Pedro Antonio"]
[Result "1/2-1/2"]
[WhiteTitle "GM"]
[BlackTitle "IM"]
[WhiteElo "2537"]
[BlackElo "2413"]
[WhiteFideId "35018701"]
[BlackFideId "32080190"]
[EventDate "2021.12.13"]

1. e4 c6 2. d4 d5 3. e5 Bf5 4. h4 h5 5. Bd3 Bxd3 6. Qxd3 e6 7. Nf3 c5 8. Bg5 Qb6
9. dxc5 Bxc5 10. O-O Nh6 11. Bxh6 Rxh6 12. c4 dxc4 13. Qxc4 Rg6 14. Nc3 Rg4 15.
Ne4 Qc6 16. Qxc5 Rxe4 17. Qa5 Qa6 18. Qd2 Qe2 19. Qd6 Qa6 20. Qd1 Nc6 21. Re1
Rd8 22. Qxd8+ Kxd8 23. Rxe4 Ke8 24. a3 Qd3 25. Rae1 Ne7 26. Rd4 Qc2 27. Rd2 Qa4
28. Rc1 Nd5 29. Rc8+ Ke7 30. Rdc2 f6 31. exf6+ gxf6 32. Rd2 Qe4 33. Rg8 Kf7 34.
Rb8 b6 35. Rb7+ Kg6 36. Rxa7 Qb1+ 37. Kh2 Qf1 38. Ra8 Nf4 39. Rg8+ Kf7 40. Rg3
e5 41. Ng1 Qc1 42. Rd8 Qe1 43. Rf3 Qf1 44. Rd7+ Kf8 45. Rd8+ Kf7 46. Rd7+ Kf8 1/2-1/2

[Event "8th Sunway Sitges 2021"]
[Site "Sitges ESP"]
[Date "2021.12.19"]
[Round "6.17"]
[White "Pranav, Anand"]
[Black "Sankalp, Gupta"]
[Result "1/2-1/2"]
[WhiteTitle "IM"]
[BlackTitle "IM"]
[WhiteElo "2416"]
[BlackElo "2504"]
[WhiteFideId "46626786"]
[BlackFideId "5097010"]
[EventDate "2021.12.13"]

1. e4 c5 2. Nf3 e6 3. d4 cxd4 4. Nxd4 a6 5. Nc3 b5 6. Bd3 Bb7 7. O-O Nc6 8. Nb3
Ne5 9. a3 d6 10. f4 Nxd3 11. cxd3 Nf6 12. Be3 Be7 13. Nd4 O-O 14. Kh1 Rc8 15.
Rc1 Nd7 16. b4 Nb8 17. Qg4 Bf6 18. Nce2 Rxc1 19. Rxc1 g6 20. Rf1 Bg7 21. Qg3 e5
22. Nf3 Re8 23. Qf2 Qd7 24. Qh4 exf4 25. Bxf4 Nc6 26. Bh6 Bh8 27. d4 Qe7 28.
Qxe7 Rxe7 29. d5 Na7 30. Ng3 Nc8 31. Be3 Bxd5 32. Bg5 Bc4 33. Rd1 Rc7 34. e5 d5
35. Kg1 Nb6 36. Re1 Nd7 37. h4 Rc6 38. h5 Re6 39. Bf4 Bg7 40. h6 Bf8 41. Ne2 a5
42. Ned4 Re8 43. Nc6 axb4 44. axb4 Rc8 45. e6 fxe6 46. Rxe6 d4 47. Ne7+ Kh8 48.
Rd6 Bxe7 49. Rxd7 Re8 50. Bg5 Bf8 51. Nxd4 Kg8 52. Nc6 Be6 53. Ra7 Bd5 54. Ne7+
Bxe7 55. Bxe7 Rb8 56. Rd7 Be4 57. Bd6 Rb7 58. Bc7 g5 59. Rg7+ Kf8 60. Kf2 Ke8
61. Ke3 Bb1 62. g4 Ra7 63. Kd4 Ra6 64. Rxg5 Rxh6 65. Rxb5 Rh4 66. Rg5 h5 67.
Rxh5 Rxg4+ 68. Kc5 Kd7 69. Ba5 Rf4 70. Rh8 Rf5+ 71. Kb6 Rf6+ 72. Ka7 Kc6 73.
Rc8+ Kb5 74. Rc5+ Ka4 75. Re5 Bd3 76. Kb7 Rg6 77. Kc7 Rh6 78. Kd7 Rg6 79. Ke7
Rh6 80. Rd5 Bc4 81. Rd4 Kb5 82. Rd8 Ka4 83. Rb8 Bb5 84. Ra8 Rg6 1/2-1/2

[Event "8th Sunway Sitges 2021"]
[Site "Sitges ESP"]
[Date "2021.12.19"]
[Round "6.18"]
[White "Baenziger, Fabian"]
[Black "Muradli, Mahammad"]
[Result "0-1"]
[WhiteTitle "IM"]
[BlackTitle "IM"]
[WhiteElo "2409"]
[BlackElo "2503"]
[WhiteFideId "1330110"]
[BlackFideId "13409301"]
[EventDate "2021.12.13"]

1. d4 d5 2. c4 e6 3. Nf3 Nf6 4. Nc3 dxc4 5. e4 b5 6. e5 Nd5 7. Nxb5 Nb6 8. Be2
Nc6 9. O-O Be7 10. Be3 O-O 11. Qc1 Ba6 12. Nc3 Nb4 13. Rd1 Rb8 14. b3 cxb3 15.
axb3 Bxe2 16. Nxe2 a6 17. Nc3 N6d5 18. Na4 Re8 19. Bg5 Bxg5 20. Nxg5 h6 21. Nf3
Qd7 22. Qc4 Qb5 23. Nc5 Red8 24. g3 Nb6 25. Qxb5 axb5 26. Ra7 N6d5 27. Rc1 Ra8
28. Rca1 Rxa7 29. Rxa7 Nc6 30. Rb7 b4 31. Na6 Rc8 32. Nd2 Kf8 33. Nc4 g6 34. Ne3
Nc3 35. Nxb4 Nxd4 36. Na6 Ra8 37. Nxc7 Ra2 38. Rb8+ Ke7 39. Ng4 h5 40. Rb7 Nce2+
41. Kg2 hxg4 42. Nd5+ Kf8 43. Rb8+ Kg7 44. Nf6 Ra1 45. Rg8+ Kh6 46. Nxg4+ Kg5
47. Ne3 Rg1+ 48. Kh3 Nf3 49. Rf8 Kh6 50. Ng4+ Kg7 51. Rd8 Nc3 0-1

[Event "8th Sunway Sitges 2021"]
[Site "Sitges ESP"]
[Date "2021.12.19"]
[Round "6.19"]
[White "Harsha, Bharathakoti"]
[Black "Hess, Max"]
[Result "1-0"]
[WhiteTitle "GM"]
[BlackTitle "FM"]
[WhiteElo "2489"]
[BlackElo "2404"]
[WhiteFideId "5078776"]
[BlackFideId "24656666"]
[EventDate "2021.12.13"]

1. e4 c5 2. Nf3 e6 3. d4 cxd4 4. Nxd4 Nc6 5. Nc3 Qc7 6. Be3 a6 7. Qf3 Ne5 8. Qg3
h5 9. h4 d6 10. Bg5 Bd7 11. O-O-O Nf6 12. Be2 Rc8 13. Rhe1 b5 14. a3 Nc4 15.
Bxc4 Qxc4 16. Nb3 Be7 17. Bxf6 Bxf6 18. Qxd6 Qc7 19. g3 Be5 20. Qxc7 Rxc7 21.
Nd5 Bxb2+ 22. Kxb2 exd5 23. exd5+ Kd8 24. Na5 Re8 25. d6 Ra7 26. Rxe8+ Kxe8 27.
Nb3 Bg4 28. Re1+ Kd8 29. Nc5 f6 30. f4 a5 31. Kb3 Rf7 32. a4 bxa4+ 33. Kxa4 Bh3
34. Kxa5 g5 35. Kb6 gxh4 36. gxh4 Rg7 37. Ra1 1-0

[Event "8th Sunway Sitges 2021"]
[Site "Sitges ESP"]
[Date "2021.12.19"]
[Round "6.20"]
[White "Dann, Matthias"]
[Black "Prraneeth, Vuppala"]
[Result "1-0"]
[WhiteTitle "IM"]
[BlackTitle "CM"]
[WhiteElo "2482"]
[BlackElo "2377"]
[WhiteFideId "24638056"]
[BlackFideId "46622373"]
[EventDate "2021.12.13"]

1. e4 e5 2. Nf3 Nc6 3. Bc4 Bc5 4. c3 Nf6 5. d4 exd4 6. e5 d5 7. Bb5 Ne4 8. cxd4
Bb6 9. h3 O-O 10. O-O f6 11. Be3 fxe5 12. Bxc6 exd4 13. Nxd4 Bxd4 14. Bxd5+ Qxd5
15. Qxd4 Qxd4 16. Bxd4 b6 17. Nc3 Nxc3 18. Bxc3 Bb7 19. Rfe1 Rfe8 20. f3 Bd5 21.
Kf2 Kf7 22. a3 a5 23. g4 a4 24. h4 c6 25. h5 b5 26. Rad1 Rxe1 27. Rxe1 Rd8 28.
f4 g6 29. Re5 Be6 30. f5 gxf5 31. g5 Bd7 32. g6+ hxg6 33. h6 Be6 34. h7 Rh8 35.
Rxe6 Rxh7 36. Rf6+ Ke8 37. Rxc6 Rh2+ 38. Kg1 Rc2 39. Rxg6 b4 40. Bxb4 Rxb2 41.
Rf6 Kd7 42. Rxf5 Kc6 43. Kf1 Rc2 44. Ke1 Kb6 45. Kd1 Rb2 46. Bd2 Rb3 47. Bc1 Rc3
48. Rf4 Kb5 49. Rb4+ Ka5 50. Bd2 Rc6 51. Ke2 Rb6 52. Kd3 Rc6 53. Bc3 Rb6 54.
Rd4+ Kb5 55. Rd5+ Kc6 56. Kc4 Kb7 57. Ba5 Rc6+ 58. Kb5 Re6 59. Rd7+ Kc8 60. Rh7
Re4 61. Bb4 Rd4 62. Kxa4 Rd7 63. Rh5 Kb7 64. Kb5 1-0

[Event "8th Sunway Sitges 2021"]
[Site "Sitges ESP"]
[Date "2021.12.19"]
[Round "6.34"]
[White "Kelires, Andreas"]
[Black "Ortega Serra, Marc"]
[Result "1-0"]
[WhiteTitle "GM"]
[WhiteElo "2543"]
[BlackElo "2292"]
[WhiteFideId "5900727"]
[BlackFideId "2293137"]
[EventDate "2021.12.13"]

1. Nf3 Nf6 2. g3 d5 3. Bg2 c6 4. c4 h6 5. O-O Bf5 6. cxd5 cxd5 7. Qb3 Qb6 8.
Qxb6 axb6 9. d3 Nc6 10. Bf4 g5 11. Be3 e5 12. Bxb6 Nd7 13. Be3 d4 14. Bd2 Be6
15. Rc1 Rxa2 16. Rxa2 Bxa2 17. b4 Bd6 18. Na3 Ke7 19. Nc4 Bxc4 20. Rxc4 Ra8 21.
b5 Ra1+ 22. Rc1 Rxc1+ 23. Bxc1 Na7 24. h4 f6 25. Nh2 Nxb5 26. Bxb7 Nc3 27. Bf3
Kf7 28. Bg2 Nc5 29. Ba3 Nb7 30. Bb2 Nc5 31. Nf1 Ke6 32. Nd2 Be7 33. h5 N5a4 34.
Ba1 Nc5 35. Kf1 Bd8 36. Bb2 Be7 37. Bc6 Na6 38. Bg2 Bb4 39. Nc4 Nc5 40. Bc6 Nd1
41. Bc1 Nc3 42. Bd2 Nb3 43. Be1 Na5 44. Nxa5 Bxa5 45. e3 Bb6 46. Bd2 Nd5 47.
Bxd5+ Kxd5 48. e4+ Kd6 49. Ke2 Bc5 50. Kf3 Ke6 51. Kg4 Bd6 52. f3 Ba3 53. f4
exf4 54. gxf4 gxf4 55. Bxf4 Bf8 56. Bd2 Ke5 57. Bc1 Ke6 58. Bf4 Bg7 59. Kf3 Bf8
60. Ke2 Bg7 61. Kd2 Bf8 62. Kc2 f5 63. Kb3 fxe4 64. dxe4 d3 65. Kc3 d2 66. Kxd2
Bb4+ 67. Ke2 Bf8 68. Kf3 Bg7 69. Bd2 Bf8 70. Bc3 Be7 71. Ke3 Bg5+ 72. Kd3 Bf4
73. Bd4 Bg3 74. Ke2 Bf4 75. Be3 Bxe3 76. Kxe3 Ke5 77. Kf3 Ke6 78. Kf4 Kf6 79.
e5+ Ke6 80. Ke4 Ke7 81. Kf5 Kf7 82. e6+ Ke7 83. Ke5 Ke8 84. Kf6 Kf8 85. Kg6 1-0

[Event "8th Sunway Sitges 2021"]
[Site "Sitges ESP"]
[Date "2021.12.19"]
[Round "6.35"]
[White "Mohamed, Anees M"]
[Black "Maze, Sebastien"]
[Result "0-1"]
[WhiteTitle "FM"]
[BlackTitle "GM"]
[WhiteElo "2312"]
[BlackElo "2541"]
[WhiteFideId "35065815"]
[BlackFideId "613762"]
[EventDate "2021.12.13"]

1. e4 c6 2. d4 d5 3. e5 Bf5 4. Nf3 e6 5. Be2 Ne7 6. O-O Ng6 7. Be3 Nd7 8. Ne1 h5
9. c3 h4 10. Nd2 c5 11. a3 Be7 12. f4 c4 13. a4 Qa5 14. Bg4 Ngf8 15. Bxf5 exf5
16. Qc2 g6 17. Nef3 Rc8 18. Rfc1 Ne6 19. b3 Nb6 20. Qb1 cxb3 21. Qxb3 O-O 22.
Qb5 Qxb5 23. axb5 Ra8 24. Kf2 Rfc8 25. Ne1 a5 26. bxa6 Rxa6 27. Rab1 Rc6 28. Rc2
Ra3 29. Rb3 Rxb3 30. Nxb3 Nc4 31. Nd2 Na3 32. Rb2 b5 33. Rb3 Nc7 34. Ke2 Kf8 35.
Kd3 Ra6 36. Rb2 Nc4 37. Nxc4 dxc4+ 38. Kc2 Nd5 39. Bd2 Ke8 40. Kb1 Kd7 41. Nc2
Kc6 42. Ra2 Rxa2 43. Kxa2 Bf8 44. Kb2 Bh6 45. g3 Bf8 46. Be1 Be7 47. Bd2 h3 48.
Ka2 f6 49. exf6 Nxf6 50. Ne3 Ng4 51. Nxg4 fxg4 52. Kb2 Kd5 53. Kc1 Ke4 54. Kc2
Kf3 55. Kd1 Kg2 56. Ke2 Kxh2 57. Kf2 Bh4 0-1

[Event "8th Sunway Sitges 2021"]
[Site "Sitges ESP"]
[Date "2021.12.19"]
[Round "6.36"]
[White "Kulaots, Kaido"]
[Black "Alexiadis, Hristos"]
[Result "1-0"]
[WhiteTitle "GM"]
[BlackTitle "FM"]
[WhiteElo "2519"]
[BlackElo "2285"]
[WhiteFideId "4500261"]
[BlackFideId "4249623"]
[EventDate "2021.12.13"]

1. e4 e5 2. Nf3 Nc6 3. Bc4 Bc5 4. c3 Nf6 5. d3 d6 6. O-O a5 7. Re1 O-O 8. h3 h6
9. Nbd2 Be6 10. Bb5 Qb8 11. Nf1 Qa7 12. Be3 Bxe3 13. Nxe3 Ne7 14. a4 Qb6 15. Bc4
Bxc4 16. Nxc4 Qc6 17. Qb3 b6 18. Nh4 Rae8 19. Rac1 Nd7 20. d4 d5 21. Nd2 dxe4
22. Nxe4 Kh8 23. Ng3 Nd5 24. Rcd1 Nf4 25. Qb5 Qxb5 26. axb5 Rd8 27. dxe5 Nc5 28.
Nf3 Ncd3 29. Re4 g5 30. Rd2 Ne6 31. Nf5 Kh7 32. N5d4 Nec5 33. Re3 Nf4 34. Nc6
Rxd2 35. Nxd2 Re8 36. Ne4 Nxe4 37. Rxe4 Kg6 38. Kf1 Nd3 39. Re2 h5 40. b3 Kf5
41. Nd4+ Kg6 42. e6 f6 43. g3 g4 44. hxg4 hxg4 45. Re4 f5 46. Re3 Nc5 47. Re5
Ne4 48. c4 Nd6 49. c5 bxc5 50. Rxc5 Ra8 51. Rd5 Rb8 52. Ke2 Kf6 53. Ke3 1-0

[Event "8th Sunway Sitges 2021"]
[Site "Sitges ESP"]
[Date "2021.12.19"]
[Round "6.37"]
[White "Utsab, Chatterjee"]
[Black "Narciso Dublan, Marc"]
[Result "1/2-1/2"]
[BlackTitle "GM"]
[WhiteElo "2255"]
[BlackElo "2519"]
[WhiteFideId "46609148"]
[BlackFideId "2201500"]
[EventDate "2021.12.13"]

1. e4 g6 2. d4 Bg7 3. Nc3 d6 4. f4 a6 5. a4 Nf6 6. Nf3 O-O 7. Bd3 Nc6 8. O-O e5
9. fxe5 dxe5 10. d5 Nb4 11. Bc4 Qd6 12. Bb3 c6 13. dxc6 Qxc6 14. Kh1 Be6 15.
Nxe5 Qc5 16. Bxe6 fxe6 17. Nf3 Qc4 18. Ne5 Qc7 19. Nf3 Qc4 20. Ne5 Qc7 21. Nf3
Qc4 1/2-1/2

[Event "8th Sunway Sitges 2021"]
[Site "Sitges ESP"]
[Date "2021.12.19"]
[Round "6.38"]
[White "Vrolijk, Liam"]
[Black "Nikolic, Vladan"]
[Result "1-0"]
[WhiteTitle "IM"]
[WhiteElo "2473"]
[BlackElo "2221"]
[WhiteFideId "1048333"]
[BlackFideId "1710702"]
[EventDate "2021.12.13"]

1. c4 Nf6 2. Nc3 c5 3. g3 Nc6 4. Bg2 g6 5. Nf3 Bg7 6. O-O O-O 7. d4 cxd4 8. Nxd4
Nxd4 9. Qxd4 d6 10. Qd3 Bf5 11. e4 Be6 12. Bd2 a6 13. b3 Nd7 14. Rac1 Rc8 15.
Nd5 Bxd5 16. exd5 Rc7 17. Rfe1 Qb8 18. Qe2 Re8 19. Bf4 Rcc8 20. Bh3 Rcd8 21. c5
Nf6 22. Red1 Nh5 23. Be3 dxc5 24. Bxc5 Nf6 25. Bg2 Bf8 26. Bd4 Bg7 27. Be5 Qa7
28. Qf3 Nd7 29. Bc7 Ra8 30. d6 exd6 31. Qxb7 Qxb7 32. Bxb7 Ra7 33. Bg2 Be5 34.
Bxd6 Bxd6 35. Rxd6 Re2 36. Rcd1 Nc5 37. R6d2 Rae7 38. Bf1 Re1 39. Kg2 a5 40.
Rxe1 Rxe1 41. Rd5 Rc1 42. Bc4 Ne4 43. Rxa5 Rc2 44. Bd3 1-0